000 00863nam a22002297a 4500
001 47282
003 BD-RjUL
005 20211209054304.0
008 160808s1975 bg ||||| |||| 00| 0 ben d
020 _c: TK 7.00
035 _a(BD-RjUL)47401
040 _aBD-RjUL
_bben
_cBD-RjUL
041 _aben
082 _223
_a301.095492
_bBAN 1975
245 0 0 _aবাংলাদেশের সামাজিক অগ্রগতির সমস্যা /
260 _aঢাকা :
_bমুক্তধারা,
_c১৯৭৫
300 _a[১০], ১০৩ পৃ. ;
_c২১ সেমি.
650 _aসমাজ
_zবাংলাদেশ
_9139788
650 _aSociology
_zBangladesh
_9142689
700 _aবাংলাদেশের লেখক শিবির সম্পাদনা পরিষদ
_9143922
942 _2ddc
_cBK
999 _c47282
_d47282